| 000 | 00918nas a2200313 4500 | ||
|---|---|---|---|
| 001 | BR0804076 | ||
| 003 | BR-BrBNA | ||
| 005 | 20231205111743.0 | ||
| 007 | ta | ||
| 008 | 230509b bl.|||p| |||| 00| 00por d | ||
| 040 |
_aBR-BrBNA _bpor _cBiblioteca Nacional de Agricultura |
||
| 041 | _a(Pt) | ||
| 072 | _aH60; H10; F30 | ||
| 100 | 1 | _aVidal, R.A. | |
| 100 | 1 | _aLamego, F.P. | |
| 100 | 1 | _aResende, L.V. | |
| 100 | 1 | _aDa-Silva, P.R. | |
| 100 | 1 | _aDelatorre, C.A. | |
| 100 | 1 | _aTrezzi, M.M. | |
| 245 | 1 | _aSimilaridade genética entre acessos de Bidens Pilosa resistentes aos herbicidas inibidores da ALS | |
| 650 | _aPICÃO PRETO | ||
| 650 | _aERVA DANINHA | ||
| 650 | _aGÉNETICA VEGETAL | ||
| 650 | _aHERBICIDA | ||
| 650 | _aENZIMA | ||
| 773 | 0 |
_tPlanta Daninha (Brazil) _xISSN 0100-8358 _g(2005), v. 23(3) p. 551-556 _wBR0804076 |
|
| 909 |
_a202311 _bLúcia _c55 _dLúcia Elande |
||
| 942 |
_2AGRIS _n0 _cANA |
||
| 999 |
_c194319 _d194319 |
||